00805nam a22001697a 4500999001500000008004100015020002200056082001600078100002100094245007000115250001200185260004200197300002100239650025600260942001500516952010400531 c6139d6139180423b xxu||||| |||| 00| 0 eng d a978-1-4129-3956-0 a568.049 THO aTHOMAS, David. C aCross- Cultural ManagementbEssential Concepts cDavid C. Thomas  a2nd ed  aCalifornia bSAGE Publications c2008 axix, 327pc23cm  2International Business Enterprises- Management 2. International Business Enterprises- Management- Cross-cultural Studies 3. Management- Cross-cultural Studies 4. Intercultural Communication 5. Communication in Management- Cross-cultural Studies 2ddccBOOKS 00102ddc4070a3000b3000d2018-04-23l0o568.049 THOp10000001636r2018-04-23w2018-04-23yBOOKS